000
00208 a2200097 4500
001
23502
100
_a
Mortimore A D
245
_a
Branch libraries
260
_a
_b
Andre deutsch
_c
1966
090
_c
15892
_d
15892
942
_a
NUST-CAE
_c
M
_c
6549
999
_c
258575
_d
258575